<The> Impact of Credit Booms and Economic Policy on Labour Productivity: a Sectoral Analysis

Dopad úverového boomu, menovej a fiškálnej expanzie na produktivitu a prerozdelenie práce v Českej republike.

Uložené v:
Podrobná bibliografia
Hlavný autor: Hodula, Martin
Ďalší autori: Pfeifer, Lukáš
Médium: Kapitola
Jazyk:English
Predmet:
Tagy: Pridať tag
Žiadne tagy, Buďte prvý, kto otaguje tento záznam!

MARC

LEADER 00000naa a2200000 4500
001 0246699
005 20220715113237.0
041 0 |a eng 
044 |a CZ 
245 1 0 |a <The> Impact of Credit Booms and Economic Policy on Labour Productivity: a Sectoral Analysis  |c Martin Hodula, Lukáš Pfeifer 
520 |a Dopad úverového boomu, menovej a fiškálnej expanzie na produktivitu a prerozdelenie práce v Českej republike. 
610 2 0 |a Česko 
610 2 0 |a produktivita práce 
610 2 0 |a politika fiškálna 
610 2 0 |a politika menová 
610 2 0 |a politika hospodárska 
610 2 0 |a úver 
100 1 |a Hodula, Martin 
700 1 |a Pfeifer, Lukáš